[Event "Titled Tuesday intern op 12th Mar Late"]
[Site "Chess.com INT"]
[Date "2024.03.12"]
[Round "6"]
[White "Lorans, Sylvain"]
[Black "Mesquita, Eduardo Barbosa"]
[Result "0-1"]
[WhiteElo "2090"]
[BlackElo "1969"]
[PlyCount "72"]
[EventDate "2024.03.12"]
[EventType "swiss (blitz)"]
[EventRounds "11"]
[EventCountry "USA"]
[SourceTitle "CB12_2024"]
[SourceDate "2023.10.01"]
[SourceVersion "1"]
[SourceVersionDate "2023.10.01"]
[SourceQuality "1"]

1. d4 d5 2. Bf4 Nf6 3. e3 e6 4. Nf3 Bd6 5. Nbd2 0-0 6. Ne5 c5 7. c3 Nc6 8. Bd3 cxd4 9. exd4 Qc7 10. Ndf3 Rd8 11. Qe2 b6 12. Ng5 Rf8 13. h4 h6 14. Rc1 Bb7 15. Rh3 Rac8 16. Rg3 Bxe5 17. dxe5 hxg5 18. hxg5 Ne4 19. Bxe4 dxe4 20. Qh5 Rfd8 21. Rh3 Kf8 22. Qh8+ Ke7 23. Qxg7 Rg8 24. Qf6+ Ke8 25. Rh8 Ne7 26. g6 fxg6 27. Bg5 Rxh8 28. Qxh8+ Kd7 29. Qg7 Re8 30. Rd1+ Bd5 31. b3 Qxc3+ 32. Kf1 Qc2 33. Rc1 Qd3+ 34. Kg1 e3 35. Bxe3 Qe4 36. Qf6 Qxg2# 0-1

[Event "Titled Tuesday intern op 12th Mar Late"]
[Site "Chess.com INT"]
[Date "2024.03.12"]
[Round "8"]
[White "Stark, Lars"]
[Black "Lorans, Sylvain"]
[Result "1-0"]
[WhiteElo "2367"]
[BlackElo "2090"]
[PlyCount "67"]
[EventDate "2024.03.12"]
[EventType "swiss (blitz)"]
[EventRounds "11"]
[EventCountry "USA"]
[SourceTitle "CB12_2024"]
[SourceDate "2023.10.01"]
[SourceVersion "1"]
[SourceVersionDate "2023.10.01"]
[SourceQuality "1"]

1. c4 e5 2. g3 c6 3. d4 Bb4+ 4. Bd2 Bxd2+ 5. Qxd2 d6 6. Bg2 Nf6 7. Nc3 0-0 8. Rd1 Qe7 9. e3 a5 10. Nge2 Nbd7 11. 0-0 Re8 12. b3 h6 13. Rfe1 h5 14. Qc2 g6 15. Na4 h4 16. Qb2 e4 17. Nec3 d5 18. Rc1 Nf8 19. cxd5 cxd5 20. Nb6 Rb8 21. Nbxd5 Nxd5 22. Nxd5 Qd6 23. Nc7 Re7 24. Nb5 Qf6 25. Rc2 Bf5 26. Rec1 Nh7 27. d5 hxg3 28. hxg3 Qxb2 29. Rxb2 Ng5 30. d6 Rd7 31. Rbc2 Kg7 32. Rc8 Rxc8 33. Rxc8 Ne6 34. g4 1-0

[Event "Titled Tuesday intern op 12th Mar Late"]
[Site "Chess.com INT"]
[Date "2024.03.12"]
[Round "1"]
[White "Weishaeutel, Moritz"]
[Black "Lorans, Sylvain"]
[Result "1-0"]
[WhiteElo "2378"]
[BlackElo "2090"]
[PlyCount "69"]
[EventDate "2024.03.12"]
[EventType "swiss (blitz)"]
[EventRounds "11"]
[EventCountry "USA"]
[SourceTitle "CB12_2024"]
[SourceDate "2023.10.01"]
[SourceVersion "1"]
[SourceVersionDate "2023.10.01"]
[SourceQuality "1"]

1. e4 e6 2. d4 d5 3. e5 c5 4. c3 Nc6 5. Nf3 Qb6 6. Bd3 Bd7 7. 0-0 cxd4 8. cxd4 Nxd4 9. Nxd4 Qxd4 10. Nc3 a6 11. Qe2 Rc8 12. Kh1 Bc5 13. Bg5 h6 14. Bd2 Ne7 15. f4 g5 16. fxg5 hxg5 17. Bxg5 Nc6 18. Rae1 Be7 19. Bxe7 Kxe7 20. h3 Rcg8 21. Qf3 Be8 22. Rd1 Qh4 23. Qf6+ Kd7 24. Qxh4 Rxh4 25. Rde1 Rg5 26. Kh2 Nxe5 27. Be2 Ng6 28. g3 Rb4 29. h4 Re5 30. b3 Re3 31. Nd1 Ree4 32. Bh5 Ne5 33. Nc3 Rxe1 34. Rxe1 Nd3 35. Re2 1-0

[Event "Titled Tuesday intern op 12th Mar Late"]
[Site "Chess.com INT"]
[Date "2024.03.12"]
[Round "5"]
[White "Weisz, Bryan"]
[Black "Lorans, Sylvain"]
[Result "1-0"]
[WhiteElo "1997"]
[BlackElo "2090"]
[PlyCount "42"]
[EventDate "2024.03.12"]
[EventType "swiss (blitz)"]
[EventRounds "11"]
[EventCountry "USA"]
[SourceTitle "CB12_2024"]
[SourceDate "2023.10.01"]
[SourceVersion "1"]
[SourceVersionDate "2023.10.01"]
[SourceQuality "1"]

1. Nf3 d5 2. Ne5 Nd7 3. Nxd7 Bxd7 4. d4 Bf5 5. c4 e6 6. Nc3 c6 7. g3 Nf6 8. Bg2 Be7 9. 0-0 0-0 10. f3 Bg6 11. e4 c5 12. cxd5 cxd4 13. Qxd4 exd5 14. e5 Rc8 15. Qd1 Nd7 16. f4 f5 17. Qxd5+ Kh8 18. Rd1 Qb6+ 19. Kh1 Nc5 20. Be3 Rfd8 21. Qc4 Nd3 1-0

[Event "Condom op 19th"]
[Site "Condom"]
[Date "2022.07.11"]
[Round "3"]
[White "Lorans, Sylvain"]
[Black "Villeneuve, Samuel"]
[Result "1/2-1/2"]
[WhiteElo "2091"]
[BlackElo "1855"]
[PlyCount "82"]
[EventDate "2022.07.09"]
[EventType "swiss"]
[EventRounds "9"]
[EventCountry "FRA"]
[SourceTitle "CBM 209 Extra"]
[Source "ChessBase"]
[SourceDate "2022.09.30"]
[SourceVersion "1"]
[SourceVersionDate "2022.09.30"]
[SourceQuality "1"]

1. d4 d5 2. c4 c6 3. Nc3 Nf6 4. e3 Bf5 5. cxd5 cxd5 6. Qb3 Qd7 7. Nf3 e6 8. Ne5 Qc7 9. Bb5+ Nc6 10. Qa4 Rc8 11. Qxa7 Bd6 12. Nxc6 0-0 13. Qa5 bxc6 14. Qxc7 Rxc7 15. Be2 e5 16. f3 Re7 17. Kf2 h5 18. Bd2 Rfe8 19. Rae1 Bb8 20. Na4 Ba7 21. Bc3 Nd7 22. Bd1 c5 23. dxc5 Nxc5 24. Nxc5 Bxc5 25. Bb3 d4 26. Bd2 e4 27. f4 Rd8 28. h3 Red7 29. Re2 Rb8 30. Rc1 dxe3+ 31. Bxe3 Bxe3+ 32. Rxe3 Rd2+ 33. Re2 Rxe2+ 34. Kxe2 Be6 35. Rc3 Bxb3 36. axb3 f5 37. Kd2 Kf7 38. Rc7+ Kf6 39. Rc6+ Kf7 40. Rc7+ Kg6 41. Rc6+ Kf7 1/2-1/2

[Event "Sitges Sunway op 8th"]
[Site "Sitges"]
[Date "2021.12.17"]
[Round "5"]
[White "Lorans, Sylvain"]
[Black "Macias Pino, Diego"]
[Result "0-1"]
[WhiteElo "2110"]
[BlackElo "2324"]
[PlyCount "60"]
[EventDate "2021.12.13"]
[EventType "swiss"]
[EventRounds "10"]
[EventCountry "ESP"]
[SourceTitle "CBM 205 Extra"]
[Source "ChessBase"]
[SourceDate "2022.01.31"]
[SourceVersion "1"]
[SourceVersionDate "2022.01.31"]
[SourceQuality "1"]

1. d4 d5 2. c4 dxc4 3. e4 b5 4. a4 c6 5. axb5 cxb5 6. Nc3 a6 7. Nxb5 axb5 8. Rxa8 Bb7 9. Ra1 e6 10. Ne2 Bxe4 11. Nc3 Bb4 12. Be2 Ne7 13. 0-0 Bc6 14. Bf3 Bxc3 15. Bxc6+ Nbxc6 16. bxc3 Nd5 17. Qg4 0-0 18. Ra6 Qd7 19. Bh6 f5 20. Qxg7+ Qxg7 21. Bxg7 Rc8 22. Be5 Nxc3 23. f4 b4 24. Rb6 b3 25. Kf2 Na4 26. Rb7 Nxe5 27. fxe5 b2 28. g4 f4 29. Ke2 c3 30. Rxf4 Nb6 0-1

[Event "FRA-ch Blitz Online Qual"]
[Site "Europe Echecs INT"]
[Date "2020.05.16"]
[Round "3"]
[White "Colin, Vincent"]
[Black "Lorans, Sylvain"]
[Result "1-0"]
[WhiteElo "2372"]
[BlackElo "2086"]
[PlyCount "43"]
[EventDate "2020.05.16"]
[EventType "swiss (blitz)"]
[EventRounds "15"]
[EventCountry "FRA"]
[SourceTitle "CBM 196 Extra"]
[Source "ChessBase"]
[SourceDate "2020.07.31"]
[SourceVersion "1"]
[SourceVersionDate "2020.07.31"]
[SourceQuality "1"]

1. e4 e5 2. Nf3 Nc6 3. Bc4 Nf6 4. d3 h6 5. 0-0 d6 6. c3 g5 7. b4 Bg7 8. a4 0-0 9. a5 a6 10. Na3 d5 11. exd5 Nxd5 12. Qb3 Nf4 13. Bxf4 gxf4 14. Bd5 Ne7 15. Bc4 Ng6 16. Rfe1 Bg4 17. Nd2 f3 18. g3 Qg5 19. Bd5 Qxd2 20. Re3 Nf4 21. gxf4 exf4 22. Re7 1-0

[Event "FRA-ch Blitz Online Qual"]
[Site "Europe Echecs INT"]
[Date "2020.05.16"]
[Round "15"]
[White "Fischler, Oscar"]
[Black "Lorans, Sylvain"]
[Result "0-1"]
[WhiteElo "1864"]
[BlackElo "2086"]
[PlyCount "80"]
[EventDate "2020.05.16"]
[EventType "swiss (blitz)"]
[EventRounds "15"]
[EventCountry "FRA"]
[SourceTitle "CBM 196 Extra"]
[Source "ChessBase"]
[SourceDate "2020.07.31"]
[SourceVersion "1"]
[SourceVersionDate "2020.07.31"]
[SourceQuality "1"]

1. Nf3 Nf6 2. g3 d5 3. d4 Bf5 4. Bg2 e6 5. 0-0 h6 6. c3 Nbd7 7. Nbd2 c5 8. dxc5 Nxc5 9. Nb3 a6 10. Be3 Ncd7 11. h3 Rc8 12. Nfd4 Be4 13. Bxe4 Nxe4 14. Nd2 Nd6 15. Kg2 Be7 16. N2f3 Nc4 17. Bc1 0-0 18. b3 Nd6 19. Bb2 Ne4 20. Rc1 Qa5 21. a4 b5 22. axb5 axb5 23. Ra1 Qb6 24. Qd3 Ndc5 25. Qc2 Bf6 26. Nd2 Bxd4 27. cxd4 Na4 28. Qxc8 Rxc8 29. Nxe4 Nxb2 30. Nc5 e5 31. e3 exd4 32. exd4 Qf6 33. Ra6 Qxd4 34. Nd7 Nd3 35. Ra2 Qe4+ 36. Kh2 Rd8 37. Nb6 Ne5 38. Rc2 Nf3+ 39. Kg2 Ne1+ 40. Kg1 Qg2# 0-1

[Event "FRA-ch Blitz Online Qual"]
[Site "Europe Echecs INT"]
[Date "2020.05.16"]
[Round "11"]
[White "Laignel, Quentin"]
[Black "Lorans, Sylvain"]
[Result "0-1"]
[WhiteElo "1420"]
[BlackElo "2086"]
[PlyCount "42"]
[EventDate "2020.05.16"]
[EventType "swiss (blitz)"]
[EventRounds "15"]
[EventCountry "FRA"]
[SourceTitle "CBM 196 Extra"]
[Source "ChessBase"]
[SourceDate "2020.07.31"]
[SourceVersion "1"]
[SourceVersionDate "2020.07.31"]
[SourceQuality "1"]

1. d4 Nf6 2. Bg5 c5 3. Bxf6 gxf6 4. d5 Qb6 5. Qc1 d6 6. c3 f5 7. g3 Bg7 8. Bg2 Nd7 9. e3 Ne5 10. Qc2 Bd7 11. f4 Nc4 12. Qc1 Nxb2 13. Nd2 Nd3+ 14. Kd1 Nxc1 15. Kxc1 Bxc3 16. Rb1 Bxd2+ 17. Kc2 Ba4+ 18. Rb3 Bxb3+ 19. axb3 Qb4 20. Ne2 Bxe3 21. Ra1 Qd2+ 0-1

[Event "FRA-ch Blitz Online Qual"]
[Site "Europe Echecs INT"]
[Date "2020.05.16"]
[Round "14"]
[White "Lorans, Sylvain"]
[Black "Fretel, Liza"]
[Result "0-1"]
[WhiteElo "2086"]
[BlackElo "1934"]
[PlyCount "56"]
[EventDate "2020.05.16"]
[EventType "swiss (blitz)"]
[EventRounds "15"]
[EventCountry "FRA"]
[SourceTitle "CBM 196 Extra"]
[Source "ChessBase"]
[SourceDate "2020.07.31"]
[SourceVersion "1"]
[SourceVersionDate "2020.07.31"]
[SourceQuality "1"]

1. d4 Nf6 2. c4 e6 3. Nc3 Bb4 4. e3 0-0 5. Bd2 Re8 6. Nf3 Bf8 7. e4 e5 8. dxe5 Ng4 9. Bf4 Nc6 10. Qd5 Ne7 11. Qd2 Ng6 12. Bg5 Be7 13. e6 dxe6 14. Qxd8 Bxd8 15. h3 N4e5 16. Be3 Nxf3+ 17. gxf3 c6 18. 0-0-0 e5 19. Be2 Be6 20. Kc2 Bb6 21. b3 Nf4 22. Rhg1 Nxh3 23. Rg2 Nf4 24. Rg3 g6 25. Rh1 Kh8 26. c5 Ba5 27. Bd1 Rad8 28. Rh4 Nd3 0-1

[Event "FRA-ch Blitz Online Qual"]
[Site "Europe Echecs INT"]
[Date "2020.05.16"]
[Round "13"]
[White "Rahnama, Matin"]
[Black "Lorans, Sylvain"]
[Result "0-1"]
[WhiteElo "1754"]
[BlackElo "2086"]
[PlyCount "68"]
[EventDate "2020.05.16"]
[EventType "swiss (blitz)"]
[EventRounds "15"]
[EventCountry "FRA"]
[SourceTitle "CBM 196 Extra"]
[Source "ChessBase"]
[SourceDate "2020.07.31"]
[SourceVersion "1"]
[SourceVersionDate "2020.07.31"]
[SourceQuality "1"]

1. e4 e5 2. f4 exf4 3. Nf3 Nf6 4. Nc3 d5 5. e5 Nh5 6. d4 Bg4 7. Bb5+ c6 8. Be2 Bxf3 9. Bxf3 Qh4+ 10. Kf1 Ng3+ 11. Kg1 Nxh1 12. Kxh1 Be7 13. Bd2 Nd7 14. Bg4 Nf8 15. Qf3 h5 16. Bh3 g5 17. Be1 g4 18. Bxh4 gxf3 19. Bxe7 fxg2+ 20. Bxg2 Kxe7 21. Rf1 Ne6 22. Ne2 Raf8 23. c3 f6 24. Nxf4 Nxf4 25. Rxf4 fxe5 26. Rxf8 Rxf8 27. dxe5 Rf2 28. Kg1 Rxb2 29. Bh3 Rxa2 30. e6 Rb2 31. Bf5 a5 32. h4 a4 33. Kf1 a3 34. Ke1 a2 0-1

[Event "FRA-ch Blitz Online Qual"]
[Site "Europe Echecs INT"]
[Date "2020.05.16"]
[Round "9"]
[White "Schrefheere, Anthime"]
[Black "Lorans, Sylvain"]
[Result "1-0"]
[WhiteElo "1750"]
[BlackElo "2086"]
[PlyCount "133"]
[EventDate "2020.05.16"]
[EventType "swiss (blitz)"]
[EventRounds "15"]
[EventCountry "FRA"]
[SourceTitle "CBM 196 Extra"]
[Source "ChessBase"]
[SourceDate "2020.07.31"]
[SourceVersion "1"]
[SourceVersionDate "2020.07.31"]
[SourceQuality "1"]

1. e4 e5 2. Nc3 Nf6 3. f4 d5 4. fxe5 Nxe4 5. Qf3 Nxc3 6. dxc3 Bc5 7. Qg3 Kf8 8. Bg5 Be7 9. Bxe7+ Qxe7 10. 0-0-0 Be6 11. Nf3 Nc6 12. Ng5 Re8 13. Bb5 h6 14. Bxc6 bxc6 15. Nf3 Rb8 16. Nd4 c5 17. Nc6 Qe8 18. Nxb8 Qxb8 19. Qf4 Qb6 20. Qa4 Ke7 21. Qb3 Qc6 22. Qa3 Rb8 23. Rhf1 Rb6 24. b4 Ra6 25. Qb2 Rb6 26. Qa3 Ra6 27. Qb2 Qa4 28. Kd2 Qxa2 29. Qxa2 Rxa2 30. Ra1 Rb2 31. Rxa7 Kd7 32. bxc5 Kc6 33. Rfa1 Bc8 34. Ra8 Bf5 35. Rc1 Kxc5 36. Rf8 Be6 37. Rg8 g6 38. Rd8 h5 39. g3 c6 40. h4 Bf5 41. Ra8 Kb6 42. Re8 c5 43. Re7 Be6 44. Ra1 Bf5 45. Rxf7 Rxc2+ 46. Ke1 Rxc3 47. Rf6+ Kb5 48. e6 Rxg3 49. Kf2 Rg4 50. Re1 Bxe6 51. Rexe6 d4 52. Rxg6 Rxh4 53. Rg5 Rg4 54. Rxh5 Kb4 55. Ree5 c4 56. Rb5+ Kc3 57. Rh3+ d3 58. Ke1 Re4+ 59. Kd1 Rf4 60. Re5 Rf1+ 61. Re1 Rxe1+ 62. Kxe1 Kc2 63. Rh2+ Kc1 64. Rd2 Kb1 65. Kd1 Ka1 66. Kc1 c3 67. Rxd3 1-0

[Event "FRA-ch Blitz Online Qual"]
[Site "Europe Echecs INT"]
[Date "2020.05.16"]
[Round "7"]
[White "Villevieille, Lucas"]
[Black "Lorans, Sylvain"]
[Result "0-1"]
[WhiteElo "1713"]
[BlackElo "2086"]
[PlyCount "48"]
[EventDate "2020.05.16"]
[EventType "swiss (blitz)"]
[EventRounds "15"]
[EventCountry "FRA"]
[SourceTitle "CBM 196 Extra"]
[Source "ChessBase"]
[SourceDate "2020.07.31"]
[SourceVersion "1"]
[SourceVersionDate "2020.07.31"]
[SourceQuality "1"]

1. d4 Nf6 2. c4 e6 3. Nc3 Bb4 4. Nf3 d5 5. g3 0-0 6. Bg2 dxc4 7. 0-0 Nbd7 8. Qc2 Nb6 9. e4 c5 10. dxc5 Bxc5 11. e5 Nfd5 12. Nxd5 exd5 13. Rd1 h6 14. a3 Bd7 15. b4 Ba4 16. Qd2 Bxd1 17. bxc5 Bxf3 18. Bxf3 Nd7 19. Qxd5 Rc8 20. Be3 Qe7 21. Qxb7 Qxe5 22. Rd1 Nxc5 23. Rd5 Qa1+ 24. Kg2 Nxb7 0-1

[Event "St Denis op 21st"]
[Site "St Denis"]
[Date "2019.10.20"]
[Round "2"]
[White "Lorans, Sylvain"]
[Black "Bah, Ismael"]
[Result "1-0"]
[WhiteElo "2116"]
[BlackElo "1660"]
[PlyCount "51"]
[EventDate "2019.10.20"]
[EventType "swiss"]
[EventRounds "9"]
[EventCountry "RUF"]
[SourceTitle "CBM 192 Extra"]
[Source "Chessbase"]
[SourceDate "2019.11.06"]
[SourceVersion "1"]
[SourceVersionDate "2019.11.06"]
[SourceQuality "1"]

1. d4 d5 2. Bf4 e6 3. e3 Bd6 4. Bg3 Nf6 5. Nd2 b6 6. c3 Bb7 7. Bb5+ c6 8. Bd3 Qc7 9. Bxd6 Qxd6 10. f4 Nbd7 11. Ngf3 c5 12. Ne5 Qe7 13. Qf3 Rc8 14. 0-0 0-0 15. a4 cxd4 16. exd4 Nb8 17. a5 Qc7 18. f5 Ba6 19. fxe6 fxe6 20. Qh3 Bxd3 21. Qxe6+ Kh8 22. axb6 axb6 23. Nxd3 Rce8 24. Qh3 Nc6 25. Nf4 Kg8 26. Ne6 1-0

[Event "St Denis op 21st"]
[Site "St Denis"]
[Date "2019.10.20"]
[Round "9"]
[White "Lorans, Sylvain"]
[Black "Frelicot, Eric"]
[Result "1-0"]
[WhiteElo "2116"]
[BlackElo "1609"]
[PlyCount "79"]
[EventDate "2019.10.20"]
[EventType "swiss"]
[EventRounds "9"]
[EventCountry "RUF"]
[SourceTitle "CBM 192 Extra"]
[Source "Chessbase"]
[SourceDate "2019.11.06"]
[SourceVersion "1"]
[SourceVersionDate "2019.11.06"]
[SourceQuality "1"]

1. d4 Nf6 2. c4 g6 3. Nc3 Bg7 4. e4 d6 5. Nge2 0-0 6. Ng3 e5 7. d5 Na6 8. Be2 Bd7 9. h4 Nc5 10. b4 Na6 11. Rb1 Nb8 12. h5 Qc8 13. Bg5 c6 14. Qd2 Bg4 15. f3 Bxh5 16. Nf1 cxd5 17. Bxf6 Bxf6 18. Nxd5 Qe6 19. Nc7 Qe7 20. Nxa8 Nc6 21. Nc7 Bg5 22. Qd3 Qxc7 23. g4 Bxg4 24. fxg4 Nd4 25. Nd2 b5 26. Rc1 bxc4 27. Rxc4 Qb8 28. Nf3 Nxf3+ 29. Bxf3 a5 30. a3 Qb5 31. 0-0 axb4 32. axb4 Be3+ 33. Kg2 Bf4 34. Ra1 h5 35. gxh5 gxh5 36. Rh1 Qa6 37. Rh4 Qa2+ 38. Rc2 Qb1 39. Qd1 Qxb4 40. Kh1 1-0

[Event "St Denis op 21st"]
[Site "St Denis"]
[Date "2019.10.20"]
[Round "6"]
[White "Lorans, Sylvain"]
[Black "Larmet, Nino"]
[Result "1-0"]
[WhiteElo "2116"]
[BlackElo "1738"]
[PlyCount "83"]
[EventDate "2019.10.20"]
[EventType "swiss"]
[EventRounds "9"]
[EventCountry "RUF"]
[SourceTitle "CBM 192 Extra"]
[Source "Chessbase"]
[SourceDate "2019.11.06"]
[SourceVersion "1"]
[SourceVersionDate "2019.11.06"]
[SourceQuality "1"]

1. d4 d5 2. Bf4 c5 3. e3 Nc6 4. Bb5 e6 5. c4 cxd4 6. Qxd4 a6 7. Bxc6+ bxc6 8. cxd5 cxd5 9. Nc3 Nf6 10. Nf3 Bb7 11. Ne5 Nd7 12. 0-0 Bc5 13. Qa4 f6 14. Nc6 Qb6 15. Na5 Bc8 16. a3 Qxb2 17. Qc6 Qxc3 18. Qxa8 Nb6 19. Qc6+ Bd7 20. Qc7 Qxa5 21. Rfc1 Be7 22. Qb8+ Nc8 23. Rxc8+ Bxc8 24. Qxc8+ Qd8 25. Qxe6 Qd7 26. Qxa6 0-0 27. a4 Rc8 28. Qb5 Qc6 29. h3 Kf7 30. Qd3 g6 31. a5 Ra8 32. a6 Bc5 33. Rc1 Rc8 34. a7 Qb7 35. Bb8 Ke6 36. Ra1 Qa8 37. Ra6+ Rc6 38. Qb5 Rxa6 39. Qxa6+ Ke7 40. Qa5 Bd6 41. Bxd6+ Kxd6 42. Qb6+ 1-0

[Event "St Denis op 21st"]
[Site "St Denis"]
[Date "2019.10.20"]
[Round "4"]
[White "Lorans, Sylvain"]
[Black "Rodier, David"]
[Result "0-1"]
[WhiteElo "2116"]
[BlackElo "2161"]
[PlyCount "76"]
[EventDate "2019.10.20"]
[EventType "swiss"]
[EventRounds "9"]
[EventCountry "RUF"]
[SourceTitle "CBM 192 Extra"]
[Source "Chessbase"]
[SourceDate "2019.11.06"]
[SourceVersion "1"]
[SourceVersionDate "2019.11.06"]
[SourceQuality "1"]

1. d4 d5 2. c4 c6 3. Nf3 Nf6 4. Nc3 a6 5. a4 Bf5 6. Qb3 Ra7 7. Bg5 e6 8. Bxf6 gxf6 9. a5 Qe7 10. e3 Nd7 11. Be2 Be4 12. 0-0 Rg8 13. cxd5 exd5 14. Nxe4 Qxe4 15. Ne1 Bd6 16. Bd3 Qh4 17. g3 Qh3 18. Qc2 Rg5 19. f4 Rh5 20. Nf3 Ke7 21. Rae1 Ra8 22. e4 dxe4 23. Bxe4 Kd8 24. Nh4 Rxh4 25. gxh4 Qxh4 26. Qf2 Qh5 27. Qe2 Qxa5 28. Bxc6 Kc7 29. Bxd7 Kxd7 30. Qc4 Qh5 31. Qa4+ b5 32. Qb3 Rc8 33. Re3 Rc4 34. Qa2 Bxf4 35. Rxf4 Qg5+ 36. Rg3 Qxf4 37. Rc3 Qxd4+ 38. Kg2 Qd5+ 0-1

[Event "St Denis op 21st"]
[Site "St Denis"]
[Date "2019.10.20"]
[Round "8"]
[White "Randriambololona, Herimanjatosoa"]
[Black "Lorans, Sylvain"]
[Result "1-0"]
[WhiteElo "1886"]
[BlackElo "2116"]
[PlyCount "55"]
[EventDate "2019.10.20"]
[EventType "swiss"]
[EventRounds "9"]
[EventCountry "RUF"]
[SourceTitle "CBM 192 Extra"]
[Source "Chessbase"]
[SourceDate "2019.11.06"]
[SourceVersion "1"]
[SourceVersionDate "2019.11.06"]
[SourceQuality "1"]

1. e4 c5 2. Nf3 d6 3. d4 cxd4 4. Nxd4 Nf6 5. Nc3 a6 6. Be2 e5 7. Nb3 Be6 8. 0-0 Nbd7 9. f4 Rc8 10. Kh1 Be7 11. Qe1 b5 12. a3 0-0 13. Qg3 Bc4 14. Bd3 Nh5 15. Qh3 Nxf4 16. Bxf4 exf4 17. Rxf4 Bf6 18. e5 Bxd3 19. exf6 Bxc2 20. Nd4 Bg6 21. Nd5 Nxf6 22. Nxf6+ gxf6 23. Raf1 Rc4 24. b3 Rc5 25. Qh4 Re8 26. Rxf6 Ree5 27. Ne6 Rh5 28. Rxg6+ 1-0

[Event "St Denis op 21st"]
[Site "St Denis"]
[Date "2019.10.20"]
[Round "3"]
[White "Rebut, Paul"]
[Black "Lorans, Sylvain"]
[Result "0-1"]
[WhiteElo "1863"]
[BlackElo "2116"]
[PlyCount "134"]
[EventDate "2019.10.20"]
[EventType "swiss"]
[EventRounds "9"]
[EventCountry "RUF"]
[SourceTitle "CBM 192 Extra"]
[Source "Chessbase"]
[SourceDate "2019.11.06"]
[SourceVersion "1"]
[SourceVersionDate "2019.11.06"]
[SourceQuality "1"]

1. d4 Nf6 2. Bf4 d6 3. Nc3 Nbd7 4. Nf3 Nh5 5. Bg5 h6 6. Bh4 g5 7. Bg3 Bg7 8. e4 c5 9. d5 Qa5 10. Qd2 Qb4 11. 0-0-0 a6 12. Ne1 Ne5 13. Bxe5 Bxe5 14. Nd3 Bxc3 15. Qxc3 Qxc3 16. bxc3 c4 17. Ne1 b5 18. Nf3 Bg4 19. Re1 Bxf3 20. gxf3 Nf4 21. h4 f6 22. Bh3 Kf7 23. h5 Rab8 24. a3 Rb7 25. Kd2 Rhb8 26. Bg4 Ke8 27. Rb1 Kd8 28. Rb2 Kc7 29. Rhb1 Kb6 30. a4 Kc5 31. axb5 Rxb5 32. Rxb5+ axb5 33. Ra1 Kb6 34. Rb1 Ra8 35. Bd7 Ra5 36. Be8 Kc5 37. Ke3 e6 38. dxe6 Nxe6 39. Bd7 Nf4 40. Kd2 d5 41. exd5 Nxd5 42. Re1 Ra7 43. Bf5 Re7 44. Rxe7 Nxe7 45. Bd7 Nd5 46. Bf5 Kd6 47. Bg6 Ke5 48. Be8 Nc7 49. Bc6 Kf4 50. Ke2 f5 51. Kf1 g4 52. fxg4 Kxg4 53. Bd7 Kxh5 54. Bxf5 Kg5 55. Bd7 Kf4 56. Bc6 Ke5 57. Kg2 Kd6 58. Bb7 Nd5 59. Kg3 Nxc3 60. Kg4 Ne2 61. Be4 Ke5 62. Bg6 Nf4 63. Be8 b4 64. Ba4 Ne2 65. Bb5 Kd4 66. f4 b3 67. Bxc4 bxc2 0-1

[Event "Reunion op 20th"]
[Site "St Denis"]
[Date "2018.10.21"]
[Round "9"]
[White "Rajaonson, Andriamahenina"]
[Black "Lorans, Sylvain"]
[Result "0-1"]
[WhiteElo "1822"]
[BlackElo "2177"]
[PlyCount "130"]
[EventDate "2018.10.14"]
[EventType "swiss"]
[EventRounds "9"]
[EventCountry "RUF"]
[SourceTitle "CBM 187 Extra"]
[Source "ChessBase"]
[SourceDate "2018.11.04"]
[SourceVersion "1"]
[SourceVersionDate "2018.11.04"]
[SourceQuality "1"]

1. f4 Nf6 2. Nf3 g6 3. g3 b6 4. Bg2 Bb7 5. d3 d5 6. 0-0 Bg7 7. e3 0-0 8. Nc3 a6 9. Qe1 b5 10. a3 c5 11. h3 Qc7 12. Ne2 Nbd7 13. g4 e5 14. Qh4 e4 15. Ne1 h6 16. g5 exd3 17. cxd3 hxg5 18. fxg5 Ne8 19. Nf4 d4 20. Nd5 Qd8 21. e4 Bxd5 22. exd5 Nd6 23. Be4 Nxe4 24. dxe4 Ne5 25. Bf4 Re8 26. Rd1 Ra7 27. Bxe5 Bxe5 28. Nd3 c4 29. Nb4 d3 30. Nc6 Qb6+ 31. Qf2 Qxf2+ 32. Rxf2 Rd7 33. Kg2 Kg7 34. Kf3 Bd6 35. Rg2 Rh8 36. Rh1 Rh4 37. Rg4 Rxg4 38. hxg4 Bc5 39. Rh2 Rc7 40. e5 Rd7 41. Ke4 Bg1 42. Rg2 Bc5 43. Nb8 Re7 44. Nxa6 Bd6 45. Nb4 Rxe5+ 46. Kd4 Re2 47. Rxe2 dxe2 48. Nc2 Bg3 49. d6 e1Q 50. Nxe1 Bxe1 51. Kc5 Kf8 52. Kxb5 c3 53. bxc3 Bxc3 54. a4 Ke8 55. Kc6 Kd8 56. Kd5 Kd7 57. Kc5 Be5 58. a5 Bxd6+ 59. Kb5 Bg3 60. a6 Bf2 61. Kc4 Ke6 62. Kd3 Ke5 63. Ke2 Ba7 64. Kf3 Bb6 65. Kg3 Ke4 0-1

[Event "Reunion op 20th"]
[Site "St Denis"]
[Date "2018.10.20"]
[Round "8"]
[White "Lorans, Sylvain"]
[Black "Andriandaza, Tombo Omar"]
[Result "1-0"]
[WhiteElo "2177"]
[BlackElo "1742"]
[PlyCount "53"]
[EventDate "2018.10.14"]
[EventType "swiss"]
[EventRounds "9"]
[EventCountry "RUF"]
[SourceTitle "CBM 187 Extra"]
[Source "ChessBase"]
[SourceDate "2018.11.04"]
[SourceVersion "1"]
[SourceVersionDate "2018.11.04"]
[SourceQuality "1"]

1. d4 d5 2. c4 e6 3. Nc3 c6 4. e4 dxc4 5. Bxc4 Nf6 6. Nf3 Be7 7. 0-0 0-0 8. a3 b5 9. Ba2 Bb7 10. Qd3 Re8 11. Bg5 Nbd7 12. Rad1 h6 13. Bh4 a5 14. e5 Nd5 15. Bxe7 Nxe7 16. Ne4 Nc8 17. Bb1 Nf8 18. Nc5 Qe7 19. Nd2 Ng6 20. Qg3 Nf8 21. Nde4 Kh8 22. Rd3 Rd8 23. Qg4 b4 24. Rg3 Ng6 25. h4 Ba6 26. Nxa6 Rxa6 27. h5 1-0

[Event "Reunion op 20th"]
[Site "St Denis"]
[Date "2018.10.15"]
[Round "2"]
[White "Lorans, Sylvain"]
[Black "Duprey, Francois Xavier"]
[Result "1-0"]
[WhiteElo "2177"]
[BlackElo "1589"]
[PlyCount "51"]
[EventDate "2018.10.14"]
[EventType "swiss"]
[EventRounds "9"]
[EventCountry "RUF"]
[SourceTitle "CBM 187 Extra"]
[Source "ChessBase"]
[SourceDate "2018.11.04"]
[SourceVersion "1"]
[SourceVersionDate "2018.11.04"]
[SourceQuality "1"]

1. d4 Nf6 2. Bg5 d5 3. Bxf6 exf6 4. e3 Bd6 5. c4 dxc4 6. Bxc4 0-0 7. Ne2 Nc6 8. Nbc3 a6 9. 0-0 b5 10. Bd5 Bb7 11. Bf3 Rb8 12. Rc1 f5 13. Nxb5 axb5 14. Bxc6 Bxc6 15. Rxc6 Re8 16. g3 Qg5 17. h4 Qd8 18. Qd3 Qd7 19. Rcc1 f6 20. Qb3+ Kh8 21. Qd5 Re7 22. Nc3 Qe8 23. Kg2 Rxe3 24. fxe3 Bxg3 25. Qf3 Bxh4 26. Ne2 1-0